Municipal account code (Record no. 410237)

000 -LEADER
fixed length control field 00335cam a22001097a 4500
008 - FIXED-LENGTH DATA ELEMENTS--GENERAL INFORMATION
fixed length control field 180718b1962 xxu||||| |||| 00| 0 eng d
082 ## - DEWEY DECIMAL CLASSIFICATION NUMBER
Classification number L8043mx5441 G949
245 ## - TITLE STATEMENT
Title Municipal account code
Statement of responsibility, etc. By Gujarat Government
260 ## - PUBLICATION, DISTRIBUTION, ETC.
Place of publication, distribution, etc. Baroda
Name of publisher, distributor, etc. The Government
Date of publication, distribution, etc. 1962
300 ## - PHYSICAL DESCRIPTION
Extent 184p
650 ## - SUBJECT ADDED ENTRY--TOPICAL TERM
Topical term or geographic name entry element Municipal finance - India - Gujarat - Accounting
Holdings
Withdrawn status Lost status Damaged status Not for loan Permanent Location Current Location Date acquired Full call number Barcode Date last seen Price effective from Koha item type
        Indian Institute of Public Administration Indian Institute of Public Administration 2009-01-15 L8043mx5441 G949 DA2003 2018-07-21 2018-07-21 DA

Powered by Koha